[Event "San Jose 1000 GM Spring Break 2 Gp2"]
[Site "San Jose"]
[Date "2024.04.04"]
[Round "5.1"]
[White "Zhuge, Katherine"]
[Black "Gongora Montes, Benjamin"]
[Result "1/2-1/2"]
[WhiteElo "1778"]
[BlackElo "2092"]
[PlyCount "58"]
[EventDate "2024.04.02"]
[EventType "schev"]
[EventRounds "5"]
[EventCountry "USA"]
[SourceTitle "CB16_2024"]
[SourceDate "2024.04.17"]
[SourceVersion "1"]
[SourceVersionDate "2024.04.17"]
[SourceQuality "1"]
[WhiteTeam "Challengers"]
[BlackTeam "Masters"]
[WhiteTeamCountry "USA"]
[BlackTeamCountry "USA"]

1. e4 e6 2. d4 d5 3. exd5 exd5 4. Nf3 Bd6 5. Bd3 Nc6 6. 0-0 Bg4 7. Re1+ Nge7 8. c3 Qd7 9. Nbd2 h5 10. b4 h4 11. b5 Na5 12. Qa4 b6 13. Ba3 f6 14. Bxd6 Qxd6 15. Re3 Kf7 16. Rae1 Rae8 17. Qc2 g5 18. Bg6+ Nxg6 19. Rxe8 Rxe8 20. Rxe8 Kxe8 21. Qxg6+ Kd7 22. h3 Bxf3 23. Nxf3 Qe6 24. Nh2 Nc4 25. Ng4 Ke7 26. Qg7+ Qf7 27. Qh8 Qe6 28. Qg7+ Qf7 29. Qh8 Qe6 1/2-1/2

[Event "San Jose 1000 GM Spring Break 2 Gp2"]
[Site "San Jose"]
[Date "2024.04.03"]
[Round "4.1"]
[White "Solis Castro, Angel Alejan"]
[Black "Zhuge, Katherine"]
[Result "1-0"]
[WhiteElo "2066"]
[BlackElo "1778"]
[PlyCount "67"]
[EventDate "2024.04.02"]
[EventType "schev"]
[EventRounds "5"]
[EventCountry "USA"]
[SourceTitle "CB16_2024"]
[SourceDate "2024.04.17"]
[SourceVersion "1"]
[SourceVersionDate "2024.04.17"]
[SourceQuality "1"]
[WhiteTeam "Masters"]
[BlackTeam "Challengers"]
[WhiteTeamCountry "USA"]
[BlackTeamCountry "USA"]

1. Nf3 d5 2. g3 Nf6 3. Bg2 e6 4. 0-0 Be7 5. d3 0-0 6. Nbd2 b6 7. b3 Bb7 8. Bb2 c5 9. e3 Nc6 10. a3 Rc8 11. c4 Qc7 12. Rc1 Qb8 13. Qc2 Rfd8 14. Qb1 Qa8 15. cxd5 Nxd5 16. Ne4 f5 17. Ned2 Nf6 18. Rfd1 Rd7 19. Bf1 Rcd8 20. Ng5 e5 21. d4 e4 22. dxc5 Rxd2 23. Bc4+ R2d5 24. Bxf6 Bxf6 25. Rxd5 Rxd5 26. Bxd5+ Kf8 27. Nxh7+ Ke7 28. Nxf6 gxf6 29. cxb6 axb6 30. Qc2 Qxa3 31. Bxc6 Bxc6 32. Qxc6 Qxb3 33. Qb7+ Kf8 34. Rc8# 1-0